Statistiche per Riconosci la Squadra di calcio - Quiz n°135

Clicka qui per fare il quiz!

Statistiche generali

  • Questo quiz è stato fatto 4 volte
  • Il punteggio medio è 5 su 9

Statistiche sulle risposte

IndizioRisposta% Corretto
Titoli nazionali6 Titoli d'Inghilterra
100%
Colori socialiBianco, rosso
100%
Divisione nazionale 2023-2024Seconda
100%
Trofei internazionali0
50%
Trofei nazionali2 Coppe d'Inghilterra
1 Community Shield
50%
ConfederazioneUEFA
50%
Fondazione1880
25%
Capienza Stadio48 707 posti
25%
SquadraSunderland
25%

Distribuzione punteggi

Percentile per numero di risposta

Percentuale di utenti per punteggio

I tuoi punteggi nel tempo

Non hai fatto questo quiz